00288nam a2200121Ia 4500008004100000100002000041245002000061260003200081300000900113650002000122942000700142999001700149190216s9999||||xx |||||||||||||| ||und|| aRadhakrishnan C 0aOttayadypatakal bPoorna Pubs Kozhikodec1995 a190p aMalayalam Novel cBK c26899d26899